ALL FNAF CHARACTERS - Statistics

General Stats
  • This quiz has been taken 4 times
  • The average score is 77 of 248
Answer Stats
Hint Answer % Correct
Balloon Boy
100%
Bonnie
100%
Chica
100%
Foxy
100%
Springlock Hybrids Fredbear
100%
Classic Animatronics Freddy
100%
Phantom Balloon Boy
100%
Phantom Chica
100%
Phantom Foxy
100%
Phantom Animatronics Phantom Freddy
100%
Phantom Mangle
100%
Phantom Puppet
100%
Shadow Freddy
100%
Spring Bonnie
100%
Springtrap
100%
The Puppet
100%
Toy Bonnie
100%
Toy Chica
100%
Toy Animatronics Toy Freddy
100%
Withered Bonnie
100%
Withered Chica
100%
Withered Foxy
100%
Withered Animatronics Withered Freddy
100%
JJ
75%
Mangle
75%
Nightmare
75%
Nightmare Chica
75%
Shadow Animatronics RWQFSFASXC
75%
Scraptrap
75%
Ballora
50%
Big Top
50%
Bon-Bon
50%
Bonnet
50%
Bub
50%
Vendor Bots Candy Cadet
50%
Chocolate Animatronics Chocolate Bonnie
50%
Funtime Animatronics Circus Baby
50%
Clown Springtrap
50%
DJ Music Man
50%
Eclipse
50%
Endoskeletons Endo-01
50%
Endo-02
50%
Amalgamations Ennard
50%
Winter Animatronics Freddy Frostbear
50%
Funtime Chica
50%
Funtime Cupcake
50%
Funtime Foxy
50%
Funtime Freddy
50%
Glamrock Bonnie
50%
Glamrock Chica
50%
Glamrock Endo
50%
Glamrock Animatronics Glamrock Freddy
50%
Glitchtrap
50%
Unclassified Animatronics Golden Freddy
50%
Artificial Intelligence HandUnit
50%
Mediocre Melodies Happy Frog
50%
Helpy
50%
Jackie
50%
Jack-O-Chica
50%
Liberty Chica
50%
Lolbit
50%
Map Bot
50%
Molten Freddy
50%
Montgomery Gator
50%
Monty
50%
Moon
50%
Mop Bot
50%
Mr. Hippo
50%
Music Man
50%
Nedd Bear
50%
Nightmare Balloon Boy
50%
Nightmare Bonnie
50%
Nightmare Endo
50%
Nightmare Foxy
50%
Nightmare Animatronics Nightmare Freddy
50%
Nightmarionne
50%
Orville Elephant
50%
Pigpatch
50%
Plushtrap
50%
Rockstar Bonnie
50%
Rockstar Chica
50%
Rockstar Foxy
50%
Rockstar Animatronics Rockstar Freddy
50%
Roxanne Wolf
50%
Scrap Baby
50%
S.T.A.F.F. Bots Security Bot
50%
Shadow Mangle
50%
Holiday Animatronics Shamrock Freddy
50%
Daycare Attendant Sun
50%
The Mimic
50%
Unclassified Bots Trash and the Gang
50%
Yenndo
50%
Arcade Animatronics 8-Bit Baby
25%
Alien Bot
25%
Bidybab
25%
Black Heart Bonnie
25%
Broiler Baby
25%
Burntrap
25%
Caution Bot
25%
Clean-O-Vac
25%
Screampunk Animatronics Clockwork Ballora
25%
Coffee
25%
Comedy Bot
25%
Dark Foxy
25%
Hardmode Animatronics Dark Freddy
25%
Dee Dee
25%
Digi-Typer
25%
Dread Unit
25%
Easter Bonnie
25%
Egg Baby
25%
El Chip
25%
Electrobab
25%
Female ComputerVoice
25%
Heatwave Animatronics Flamethrower Endo
25%
Freddles
25%
Fruit Punch Clown
25%
Glamrock Mr. Hippo
25%
Golden Cupcake
25%
Helpi
25%
Highscore Toy Chica
25%
Halloween animatronics Jack-O-Bonnie
25%
Cupcake-Adjacent Jack-O-Lantern
25%
Jack-O-Moon
25%
Kit
25%
Lefty
25%
Lemonade Clown
25%
Magician
25%
Mask Bot
25%
Mini Music Man
25%
Minireena
25%
Cupcake Animatronics Mr. Cupcake
25%
Kiosk Animatronics Mr. Helpful
25%
Mrs. Helpful
25%
Nanny Bot
25%
Neon Bonnie
25%
Neon Chica
25%
Nightmare Cupcake
25%
Nightmare Mangle
25%
Nightmarionne Bot
25%
Nurse Dollie
25%
Party Bot
25%
Pirate Captain
25%
Plushbaby
25%
Prize King
25%
Puppet Crew Puppet Foxy
25%
Wasteland Animatronics Radioactive Foxy
25%
Circus Animatronics Ringmaster Foxy
25%
Ringmaster Rat
25%
Security Puppet
25%
Shadow Balloon Boy
25%
Shadow Cupcake
25%
Shadow Puppet
25%
Swing Bee
25%
System Error ToyBonnie
25%
Tangle
25%
The Curse
25%
The Entity
25%
Toxic Springtrap
25%
Toy Cupcake
25%
VR Toy Freddy
25%
White Rabbit
25%
Withered GoldenFreddy
25%
Cupcake Skins 8-Bit Cupcake
0%
FNaF World Cameos Adventure Balloon Boy
0%
Adventure JJ
0%
Aeronaut Toy Freddy
0%
Arctic Ballora
0%
Attendant Bot
0%
Bawson
0%
Big Bad Foxy
0%
Birthday Cupcake
0%
Birthday Puppy
0%
Black Ice Frostbear
0%
Bonnie Bowl Head
0%
Boulder Toy Bonnie
0%
Bouncepot
0%
Browboy
0%
Burnt Foxy
0%
Calavera Cupcake
0%
Carnie
0%
Carnival Nurse
0%
Catrina Toy Chica
0%
Clockwork Minireena
0%
Wicked Tides Animatronics Dark water Endo
0%
Diving Seal
0%
Dreadbear
0%
Driver Assist Bot
0%
F10-N4
0%
July 4th Animatronics Fireworks Freddy
0%
Fizz Bot
0%
Flaming Springtrap
0%
Fortune Teller
0%
Frostbite Balloon Boy
0%
Frost Plushtrap
0%
Giant Cupcake
0%
Glamrock Cupcake
0%
Great Escape GoldenFreddy
0%
Grimm Foxy
0%
Gumball Swivelhands
0%
Head Chef Bot
0%
Valentine Animatronics Heartsick Baby
0%
Human Heads
0%
Instructor Bot
0%
Jetpack Balloon Boy
0%
Jugband Frogs
0%
Jugband Hippo
0%
Jugband Monty
0%
Juggling Duck
0%
Lasso Pig
0%
Control Module Animatronics Little Joe
0%
Scary Tales Animatronics Little Red Chica
0%
Magician Bot
0%
Magician Mangle
0%
Mannequins
0%
Melted ChocolateBonnie
0%
Moldy Cupcake
0%
Mr. Chicken
0%
Welcome Show Animatronics Mr. Rocktapus
0%
Ms. Burger
0%
Ms. Snake
0%
Mysic Hippo
0%
Neon Jukebox
0%
Nightmare Fedbear
0%
Party Freddy
0%
Piranha Plushtrap
0%
Pizza Bot
0%
Protomimics
0%
Prototype Glamrock Freddy
0%
Puppet Roxy
0%
Renard
0%
Rockstar Foxy'sParrot
0%
Scorching Chica
0%
Scorching Cupcake
0%
After Animatronics Serpent Mangle
0%
Server Bot
0%
Springlock Suit
0%
Stage Manager
0%
Electronic Toys Star Orphans
0%
Sunken Toy Bonnie
0%
Swamp Balloon Boy
0%
Torch Cupcake
0%
Tutorial Unit
0%
Unicorn
0%
Welcome Show Camera
0%
Forest Animatronics Woodland Toy Freddy
0%
XOR
0%
Xylophone Snake
0%
No matching quizzes found
Score Distribution
Percent of People with Each Score
Percentile by Number Answered
Your Score History
You have not taken this quiz